Medzinárodné účtovníctvo. 1 - Nemecko

Prehľad účtovných metód a zásad špecifických pre účtovníctvo v Nemecku. Charakteristika nemeckého účtovníctva a účtovného systému. Úloha účtovného inštitútu. Základné požiadavky pri zostavovaní výkazov. Tzv. autoritatívny princíp. Historické ceny. Obežný majetok a oceňovanie zásob. Výkaz ziskov a st...

Ausführliche Beschreibung

Gespeichert in:
Bibliographische Detailangaben
1. Verfasser: Daniel, Peter
Weitere Verfasser: Krčulová, D., Krištofík, Peter
Format: Buchkapitel
Sprache:Slowakisch
Schlagworte:
Tags: Tag hinzufügen
Keine Tags, Fügen Sie das erste Tag hinzu!

MARC

LEADER 00000naa a2200000 4500
001 r018808
005 20221205101908.5
041 0 |a slo 
044 |a SK 
245 1 0 |a Medzinárodné účtovníctvo. 1 - Nemecko  |c Peter Daniel, D. Krčulová, Peter Krištofík 
520 |a Prehľad účtovných metód a zásad špecifických pre účtovníctvo v Nemecku. Charakteristika nemeckého účtovníctva a účtovného systému. Úloha účtovného inštitútu. Základné požiadavky pri zostavovaní výkazov. Tzv. autoritatívny princíp. Historické ceny. Obežný majetok a oceňovanie zásob. Výkaz ziskov a strát. Činnosť audítorov. 
610 2 0 |a Nemecko 
610 2 0 |a účtovníctvo medzinárodné 
610 2 0 |a majetok obežný 
610 2 0 |a výkazy účtovné 
610 2 0 |a audítori 
100 1 |a Daniel, Peter 
700 1 |a Krčulová, D. 
700 1 |a Krištofík, Peter